Library Banner

مزاج بخیر (Record no. 89020)

MARC details
000 -LEADER
fixed length control field 00420nam a22001577a 4500
005 - DATE AND TIME OF LATEST TRANSACTION
control field 20161201160113.0
008 - FIXED-LENGTH DATA ELEMENTS--GENERAL INFORMATION
fixed length control field 161201b xxu||||| |||| 00| 0 eng d
020 ## - INTERNATIONAL STANDARD BOOK NUMBER
International Standard Book Number 9698443079
040 ## - CATALOGING SOURCE
Transcribing agency PK-LaUMT
082 ## - DEWEY DECIMAL CLASSIFICATION NUMBER
Classification number MSC 891.4397
Item number TAN-M
100 ## - MAIN ENTRY--PERSONAL NAME
Personal name تنویر حسین
245 ## - TITLE STATEMENT
Title مزاج بخیر
Statement of responsibility, etc تنویر حسین
260 ## - PUBLICATION, DISTRIBUTION, ETC. (IMPRINT)
Place of publication, distribution, etc لاہور
Name of publisher, distributor, etc شفیق پبلیکیشنز
Date of publication, distribution, etc 1999
300 ## - PHYSICAL DESCRIPTION
Extent 138 ص
942 ## - ADDED ENTRY ELEMENTS (KOHA)
Koha item type Books
Holdings
Withdrawn status Lost status Damaged status Home library Current library Date acquired Full call number Barcode Date last seen Price effective from Koha item type
      UMT Main Campus UMT Main Campus 2016-12-01 MSC 891.4397 TAN-M 102805 2016-12-01 2016-12-01 Books